000 00702nam a2200217 a 4500
001 BRL_1026
005 20190320211012.0
008 011113s1973----mx-a######---#000-0#spa-#
041 _aspa
044 _amx
050 4 _aHF3240.M5
_b.C37 1973
100 1 _aCastillo Méndez, Laura Elena
_925618
245 1 0 _aHistoria del comercio en la Ciudad de México
_cLaura Elena Castillo Méndez.
260 _aMéxico
_bDepartamento del Distrito Federal, Secretaría de Obras y Servicio
_c1973
300 _a86 p.
_bil.
_c17 cm.
440 0 _aColección Popular Ciudad de México
_v5
_925619
500 _aAu1102
651 4 _aCiudad de México
_xHistoria - Comercio
_925620
902 _aGRL
942 _2lcc
_cB
999 _c9838
_d9838